书目信息 |
| 题名: |
Adobe Audition声音后期处理实战手册
|
|
| 作者: | 赵阳光 著 | |
| 分册: | ||
| 出版信息: | 北京 电子工业出版社 2021.5 |
|
| 页数: | 10,209页 | |
| 开本: | 24cm | |
| 丛书名: | ||
| 单 册: | ||
| 中图分类: | J618.9 | |
| 科图分类: | ||
| 主题词: | 音乐软件 | |
| 电子资源: | ||
| ISBN: | 978-7-121-40673-7 | |
| 000 | 00885nam0 2200241 45 | |
| 001 | 012001001106 | |
| 005 | 20211020100128.75 | |
| 010 | @a978-7-121-40673-7@dCNY88.00 | |
| 100 | @a20210409d2021 em y0chiy0110 ea | |
| 101 | 0 | @achi |
| 102 | @aCN@b110000 | |
| 105 | @ay z 000yy | |
| 106 | @ar | |
| 200 | 1 | @aAdobe Audition声音后期处理实战手册@AAdobe Audition sheng yin hou qi chu li shi zhan shou ce@f赵阳光著 |
| 205 | @a2版 | |
| 210 | @a北京@c电子工业出版社@d2021.5 | |
| 215 | @a10,209页@d24cm | |
| 330 | @a本书讲解了使用Adobe Audition进行人声录音、音频编辑、后期处理中的必备知识,重点介绍了各种常用音频效果器的原理、应用方法,使普通录音爱好者能够使用Adobe Audition独立完成从前期录音到混音、后期处理的整个流程。 | |
| 606 | 0 | @a音乐软件 |
| 690 | @aJ618.9@v5 | |
| 701 | 0 | @a赵阳光@Azhao yang guang@4著 |
| 801 | @aCN@b江苏凤凰@c20211018 | |
| 905 | @b1342224-7@dJ618.9@e1296=2@f4 | |
| Adobe Audition声音后期处理实战手册/赵阳光著.-2版.-北京:电子工业出版社,2021.5 |
| 10,209页;24cm |
| ISBN 978-7-121-40673-7:CNY88.00 |
| 本书讲解了使用Adobe Audition进行人声录音、音频编辑、后期处理中的必备知识,重点介绍了各种常用音频效果器的原理、应用方法,使普通录音爱好者能够使用Adobe Audition独立完成从前期录音到混音、后期处理的整个流程。 |
| ● |
| 相关链接 |
|
|
|
|
正题名:Adobe Audition声音后期处理实战手册
索取号:J618.9/1296=2
 
预约/预借
| 序号 | 登录号 | 条形码 | 馆藏地/架位号 | 状态 | 备注 |
| 1 | 1342224 | 213422241 | 第一样本阅览室/ [索取号:J618.9/1296=2] | 在馆 | |
| 2 | 1342225 | 213422250 | 第一借阅区/ [索取号:J618.9/1296=2] | 在馆 | |
| 3 | 1342226 | 213422269 | 第一借阅区/ [索取号:J618.9/1296=2] | 在馆 | |
| 4 | 1342227 | 213422278 | 第一借阅区/ [索取号:J618.9/1296=2] | 在馆 |